| 000 | 01026cab a22001935a 4500 | ||
|---|---|---|---|
| 001 | L154333 | ||
| 008 | 111114e20111111xxk 000 0 eng d | ||
| 035 | _a(Sirsi) u154333 | ||
| 041 | 0 | _aeng | |
| 110 | 2 |
_aProperty Week _91549 |
|
| 245 | 0 | 0 | _aGreek tragedy dashes hopes of a 'golden quarter' |
| 260 | _c2011 | ||
| 490 | 0 |
_aProperty Week _v77(45) 11 November 2011, 40(1) |
|
| 520 | _aCushman & Wakefield's latest UK property investment market briefing show prime yields to have been largely stable in October at 5.72% after September's widespread increase. Eurozone uncertainty has caused activity to slow. Although "core" markets remain in demand, "value-add" segments are largely on hold and activity at the opportunistic end of the market is mostly limited to London. Table covers prime property comparative yields across 25 subsectors from 2007 low to October 2011. | ||
| 590 | _aKA | ||
| 651 | 4 |
_aUnited Kingdom _y |
|
| 690 | _aPROPERTY-COMMERCIAL PROPERTY-COMMERCIAL PROPERTY FINANCE AND INVESTMENT | ||
| 942 | _n0 | ||
| 999 |
_c83581 _d83581 |
||